Normal view
MARC view
- Mandado, Enrique
Entry Personal Name
001 - CONTROL NUMBER
- control field: 99500
003 - CONTROL NUMBER IDENTIFIER
- control field: NUST
005 - DATE AND TIME OF LATEST TRANSACTION
- control field: 20221007160634.0
008 - FIXED-LENGTH DATA ELEMENTS
- fixed length control field: 221007|| aca||aabn | a|a d
040 ## - CATALOGING SOURCE
- Original cataloging agency: NUST
- Transcribing agency: NUST
100 ## - HEADING--PERSONAL NAME
- Personal name: Mandado, Enrique
670 ## - SOURCE DATA FOUND
- Source citation: Work cat.: (NUST)175980: Mandado, Enrique., Programmable logic devices and logic controllers /, 1996.
